000 00789nam a2200205 a 4500
005 20210223124939.0
008 030516s1994 es r 000 0 spa d
020 _a8477890269
035 _aUPN01000124299
049 _aCG
050 4 _aP95.54
_bE6.3
111 2 _aEncuentro de Almagro
_d(1991 :
_cAlmagro, Esp.)
245 1 0 _aComunicación y movimientos sociales /
_ced. Carmen Caffarel.
260 _aAlmagro, Esp. :
_bComunicación Intercultural entre España y América Latina :
_bAgencia Española de Cooperación Internacional,
_c[1994].
300 _a428 p.
650 4 _aCOMUNICACION -
_xASPECTOS SOCIALES -
_zESPAÑA -
_vCONGRESOS
_911287
650 4 _aCOMUNICACION -
_xASPECTOS SOCIALES -
_zAMERICA LATINA -
_vCONGRESOS
_911193
700 1 _aCaffarel, Carmen,
_eed.
905 _aLibro
999 _c96478
_d96478